[Event "ECU-ch"]
[Site "Quito"]
[Date "2023.06.21"]
[Round "1"]
[White "Castro Murillo, Gonzalo Fernando"]
[Black "Juma Moreno, Jayro Javier"]
[Result "0-1"]
[WhiteElo "2070"]
[BlackElo "1464"]
[PlyCount "128"]
[EventDate "2023.06.21"]
[EventType "swiss"]
[EventRounds "9"]
[EventCountry "ECU"]
[SourceTitle "CBM 215 Extra"]
[Source "ChessBase"]
[SourceDate "2023.09.30"]
[SourceVersion "1"]
[SourceVersionDate "2023.09.30"]
[SourceQuality "1"]

1. e4 c5 2. Nf3 e6 3. d3 g6 4. g3 Bg7 5. Bg2 Ne7 6. 0-0 Nbc6 7. Re1 d6 8. c3 0-0 9. Nbd2 b5 10. Qc2 Rb8 11. Nf1 b4 12. Bg5 bxc3 13. bxc3 h6 14. Be3 Qa5 15. d4 cxd4 16. cxd4 Ba6 17. N1d2 Rfc8 18. Nb3 Qd8 19. Qd2 Kh7 20. Rec1 Nb4 21. Rxc8 Qxc8 22. Rc1 Qd7 23. h4 Qa4 24. Rc7 Rb7 25. Rxb7 Bxb7 26. Nc1 Bxe4 27. Ng5+ hxg5 28. Bxe4 gxh4 29. gxh4 d5 30. Bb1 Nbc6 31. Nb3 Nf5 32. h5 Ncxd4 33. hxg6+ fxg6 34. Nxd4 Nxd4 35. Bxd4 Qxd4 36. Qe2 Qe5 37. Qd3 Qg5+ 38. Kf1 e5 39. Bc2 e4 40. Qe3 Qe7 41. Bb3 d4 42. Qh3+ Bh6 43. Qc8 Qg7 44. Qg4 e3 45. fxe3 dxe3 46. Qe6 Qf8+ 47. Ke2 Qf2+ 48. Kd3 Bf4 49. Qf7+ Kh6 50. Qf8+ Kg5 51. Qe7+ Kg4 52. Bd1+ Kg3 53. Be2 Qe1 54. Qf6 Qd2+ 55. Ke4 Qb4+ 56. Kd3 Qb5+ 57. Ke4 Qb4+ 58. Kd3 g5 59. Qa6 Kf2 60. Bh5 Qd2+ 61. Ke4 e2 62. Qxa7+ Qe3+ 63. Qxe3+ Bxe3 64. Be8 Kg3 0-1

[Event "Las Americas Team op U2400 Hybrid"]
[Site "Internet"]
[Date "2022.05.14"]
[Round "5.4"]
[White "Garcia Ortega, Natalia Belen"]
[Black "Juma Moreno, Jayro Javier"]
[Result "0-1"]
[WhiteElo "1554"]
[BlackElo "1234"]
[PlyCount "84"]
[EventDate "2022.05.14"]
[EventType "team-swiss"]
[EventRounds "5"]
[EventCountry "VEN"]
[SourceTitle "EXT 2023"]
[Source "ChessBase"]
[SourceDate "2022.10.05"]
[SourceVersion "1"]
[SourceVersionDate "2022.10.05"]
[SourceQuality "1"]

1. d4 c5 2. d5 Nf6 3. c4 b5 4. e3 Bb7 5. Nc3 bxc4 6. Bxc4 d6 7. Nge2 g6 8. 0-0 Bg7 9. e4 0-0 10. f4 Nbd7 11. Ng3 Nb6 12. Be2 a6 13. Be3 a5 14. Qd2 Ba6 15. Rac1 Nc4 16. Bxc4 Bxc4 17. Rfd1 Ng4 18. b3 Nxe3 19. Qxe3 Ba6 20. e5 Re8 21. e6 Bd4 22. exf7+ Kxf7 23. Rxd4 cxd4 24. Qxd4 Qc7 25. Nce2 Qa7 26. Re1 Qxd4+ 27. Nxd4 Rac8 28. Ne4 Bb7 29. Ng5+ Kg8 30. f5 Bxd5 31. fxg6 hxg6 32. Nge6 Bxe6 33. Rxe6 Kf7 34. Re1 e5 35. Nb5 Red8 36. Rf1+ Kg7 37. Rd1 d5 38. Na7 Rc2 39. a3 d4 40. b4 axb4 41. axb4 d3 42. Nb5 e4 0-1

[Event "Las Americas Team op U2400 Hybrid"]
[Site "Internet"]
[Date "2022.05.14"]
[Round "1.8"]
[White "Leon De Canha, Yasahev Isaac"]
[Black "Juma Moreno, Jayro Javier"]
[Result "1/2-1/2"]
[WhiteElo "1309"]
[BlackElo "1234"]
[PlyCount "80"]
[EventDate "2022.05.14"]
[EventType "team-swiss"]
[EventRounds "5"]
[EventCountry "VEN"]
[SourceTitle "EXT 2023"]
[Source "ChessBase"]
[SourceDate "2022.10.05"]
[SourceVersion "1"]
[SourceVersionDate "2022.10.05"]
[SourceQuality "1"]

1. e4 c5 2. Nf3 g6 3. d4 cxd4 4. Nxd4 Bg7 5. Nc3 Nc6 6. Be3 Nf6 7. f3 0-0 8. Be2 d5 9. exd5 Nxd5 10. Nxd5 Qxd5 11. c3 Nxd4 12. Bxd4 Bxd4 13. Qxd4 Qxd4 14. cxd4 Rd8 15. Rd1 Be6 16. b3 Rac8 17. Rd2 Rc1+ 18. Bd1 Kg7 19. Kf2 Kf6 20. Re1 Bd5 21. Rc2 Rc8 22. Rxc8 Rxc8 23. Re2 a5 24. Rc2 Rxc2+ 25. Bxc2 a4 26. Ke3 axb3 27. Bxb3 Bxb3 28. axb3 Ke6 29. g4 Kd5 30. f4 f6 31. Kd3 g5 32. f5 h6 33. b4 b5 34. h3 Kd6 35. Ke4 Kc6 36. d5+ Kc7 37. Kd3 Kd7 38. Ke4 Kc7 39. Kd3 Kd7 40. Ke4 Kc7 1/2-1/2

[Event "ECU Clasif2 U13"]
[Site "Chess.com INT"]
[Date "2020.12.18"]
[Round "6"]
[White "Juma Moreno, Jayro Javier"]
[Black "Gruezo Garcia, Ainoha Camila"]
[Result "0-1"]
[WhiteElo "1104"]
[BlackElo "1299"]
[PlyCount "28"]
[EventDate "2020.12.18"]
[EventType "swiss"]
[EventRounds "9"]
[EventCountry "ECU"]
[SourceTitle "EXT 2022"]
[Source "ChessBase"]
[SourceDate "2021.10.06"]
[SourceVersion "1"]
[SourceVersionDate "2021.10.06"]
[SourceQuality "1"]

1. d4 b6 2. c4 Bb7 3. Nc3 e6 4. Nf3 Bb4 5. Qb3 Bxc3+ 6. Qxc3 f5 7. d5 Nf6 8. Bg5 0-0 9. dxe6 dxe6 10. e3 h6 11. Bf4 Ne4 12. Qe5 c5 13. Qxe6+ Kh8 14. Ne5 Qd2# 0-1

[Event "ECU Clasif1 U13"]
[Site "Chess.com INT"]
[Date "2020.12.17"]
[Round "1"]
[White "Villacreces Nicolalde, Gabriel Alberto"]
[Black "Juma Moreno, Jayro Javier"]
[Result "0-1"]
[WhiteElo "1219"]
[BlackElo "1104"]
[PlyCount "64"]
[EventDate "2020.12.17"]
[EventType "swiss"]
[EventRounds "9"]
[EventCountry "ECU"]
[SourceTitle "EXT 2022"]
[Source "ChessBase"]
[SourceDate "2021.10.06"]
[SourceVersion "1"]
[SourceVersionDate "2021.10.06"]
[SourceQuality "1"]

1. e4 c5 2. Nc3 g6 3. d3 Bg7 4. g3 Nc6 5. Bg2 Rb8 6. f4 b5 7. Nf3 b4 8. Ne2 e6 9. c3 a5 10. 0-0 d6 11. d4 Nge7 12. Be3 c4 13. Rc1 0-0 14. cxb4 axb4 15. Rxc4 d5 16. exd5 Nxd5 17. Rxc6 Nxe3 18. Qd3 Nxf1 19. Kxf1 Qd7 20. Ne5 Bxe5 21. fxe5 Bb7 22. Rd6 Bxg2+ 23. Kxg2 Qb7+ 24. Kh3 Rfd8 25. Nf4 Rxd6 26. exd6 Qd7 27. Qa6 e5+ 28. Kg2 exf4 29. gxf4 Rd8 30. a3 bxa3 31. bxa3 Qxd6 32. Qb5 Qd5+ 0-1

[Event "ECU-ch Schools U13 Clas2"]
[Site "Chess.com INT"]
[Date "2020.11.20"]
[Round "5"]
[White "Juma Moreno, Jayro Javier"]
[Black "Ulloa Centeno, Leandro Nicolas"]
[Result "0-1"]
[WhiteElo "1104"]
[BlackElo "1353"]
[PlyCount "130"]
[EventDate "2020.11.20"]
[EventType "swiss"]
[EventRounds "9"]
[EventCountry "ECU"]
[SourceTitle "CBM 199 Extra"]
[Source "ChessBase"]
[SourceDate "2021.01.31"]
[SourceVersion "1"]
[SourceVersionDate "2021.01.31"]
[SourceQuality "1"]

1. d4 f5 2. c4 Nf6 3. Nc3 e6 4. g3 d5 5. Bg2 c6 6. b3 Bd6 7. Bb2 0-0 8. Nh3 Nbd7 9. 0-0 Qe8 10. f3 Bb4 11. Nf4 g5 12. Nd3 Bxc3 13. Bxc3 h5 14. Qd2 Qg6 15. h4 gxh4 16. gxh4 Rf7 17. Qg5 Kh7 18. Qxg6+ Kxg6 19. Nf4+ Kh7 20. Nxe6 Kg8 21. Nf4 Nf8 22. Kh2 Bd7 23. Rg1 Kh7 24. Nh3 Ne6 25. Ng5+ Nxg5 26. hxg5 Ng8 27. Bh3 Ne7 28. Rg2 Rg8 29. Rag1 Ng6 30. Rg3 Nf4 31. Bf1 Rfg7 32. e3 h4 33. exf4 hxg3+ 34. Kxg3 Kg6 35. cxd5 cxd5 36. Bb4 Rh7 37. Bc5 b6 38. Bd6 Rh5 39. Kf2 Rc8 40. Be2 Rh2+ 41. Rg2 Rxg2+ 42. Kxg2 Rc2 43. Kf1 Rxa2 44. Bd3 a5 45. Ke1 a4 46. bxa4 Bxa4 47. Be2 b5 48. Bc5 Bb3 49. Bd3 Bc4 50. Bxc4 bxc4 51. Kd1 Rf2 52. Bd6 Rxf3 53. Kc2 Rd3 54. Be5 Rh3 55. Kb2 Kf7 56. Kc2 Rg3 57. Kd2 Ke6 58. Kc2 Kd7 59. Bf6 Kc6 60. Be5 Kb5 61. Bd6 c3 62. Be7 Kc4 63. Bd8 Rg2+ 64. Kd1 Kd3 65. g6 Rg1# 0-1

[Event "ECU-ch Schools U13 Clas1"]
[Site "Chess.com INT"]
[Date "2020.11.18"]
[Round "5"]
[White "Garzon Zapatanga, Christopher Leonel"]
[Black "Juma Moreno, Jayro Javier"]
[Result "1/2-1/2"]
[WhiteElo "1697"]
[BlackElo "1104"]
[PlyCount "133"]
[EventDate "2020.11.18"]
[EventType "swiss"]
[EventRounds "9"]
[EventCountry "ECU"]
[SourceTitle "CBM 199 Extra"]
[Source "ChessBase"]
[SourceDate "2021.01.31"]
[SourceVersion "1"]
[SourceVersionDate "2021.01.31"]
[SourceQuality "1"]

1. e4 c5 2. Nf3 g6 3. d4 cxd4 4. Nxd4 Bg7 5. f3 Nc6 6. Be3 Nf6 7. c4 0-0 8. Nc3 Re8 9. Be2 e6 10. c5 d5 11. cxd6 Qxd6 12. Ndb5 Qd8 13. Qxd8 Rxd8 14. 0-0 a6 15. Na3 b5 16. Nc2 Bb7 17. Rfd1 Rac8 18. a3 Ne8 19. Rac1 Ne5 20. Bd4 Nc6 21. Bxg7 Kxg7 22. Kf2 Nd6 23. Nd4 Nxd4 24. Rxd4 Ne8 25. Rxd8 Rxd8 26. Rd1 Rxd1 27. Nxd1 Kf6 28. Ke3 Nd6 29. Kd4 e5+ 30. Kc3 Ke6 31. Ne3 f5 32. exf5+ gxf5 33. b3 e4 34. Kd2 exf3 35. Bxf3 Ne4+ 36. Bxe4 Bxe4 37. g3 Ke5 38. Nd1 Kd4 39. Ne3 h6 40. Nd1 a5 41. Nf2 b4 42. axb4 axb4 43. h4 Bf3 44. Nd3 Bd5 45. Nxb4 Bxb3 46. Nc6+ Ke4 47. Ke2 Bc4+ 48. Kf2 Kd3 49. Ne5+ Kd4 50. Nxc4 Kxc4 51. Kf3 Kd5 52. Kf4 Ke6 53. g4 fxg4 54. Kxg4 Kf6 55. Kf4 Kg6 56. Kg4 Kh7 57. Kf5 Kh8 58. h5 Kg8 59. Kg6 Kh8 60. Kxh6 Kg8 61. Kg6 Kh8 62. h6 Kg8 63. Kh5 Kh7 64. Kg5 Kh8 65. Kg6 Kg8 66. h7+ Kh8 67. Kh6 1/2-1/2

[Event "ECU-ch Schools U13 Clas1"]
[Site "Chess.com INT"]
[Date "2020.11.18"]
[Round "9"]
[White "Pianchiche Acero, Miyamu Nillu"]
[Black "Juma Moreno, Jayro Javier"]
[Result "0-1"]
[WhiteElo "1417"]
[BlackElo "1104"]
[PlyCount "164"]
[EventDate "2020.11.18"]
[EventType "swiss"]
[EventRounds "9"]
[EventCountry "ECU"]
[SourceTitle "CBM 199 Extra"]
[Source "ChessBase"]
[SourceDate "2021.01.31"]
[SourceVersion "1"]
[SourceVersionDate "2021.01.31"]
[SourceQuality "1"]

1. d4 c5 2. c3 cxd4 3. cxd4 Nf6 4. Nc3 g6 5. e4 Bg7 6. f3 0-0 7. Be3 d5 8. e5 Ne8 9. Bd3 Nc6 10. Nge2 f6 11. exf6 Bxf6 12. 0-0 Nc7 13. Bc2 Na5 14. Nf4 Nc4 15. Bc1 Bg7 16. b3 Nb6 17. Re1 Qd6 18. Nfe2 Ne6 19. a4 Rb8 20. Ba3 Qd7 21. Qd2 a6 22. a5 Na8 23. Na4 b5 24. Nc5 Nxc5 25. Bxc5 Nc7 26. Ng3 Ne6 27. Rad1 Nxc5 28. dxc5 e6 29. b4 Bb7 30. Bb3 Bc6 31. Ne2 Rf7 32. Qe3 Rbf8 33. Nd4 Bxd4 34. Rxd4 Rf6 35. Qd2 Re8 36. Rd3 Rd8 37. Rde3 Qf7 38. Qd4 Re8 39. Qg4 Kg7 40. Qg3 Rf5 41. Qd6 Qd7 42. Rxe6 Rxe6 43. Qxe6 Qxe6 44. Rxe6 Rf6 45. Re7+ Rf7 46. Re5 Kf6 47. Re3 Rd7 48. Kf2 d4 49. Rd3 Ke5 50. Rd2 Bd5 51. Bc2 Bc4 52. g3 d3 53. Bd1 Kd4 54. g4 Kc3 55. Ke1 Kxb4 56. c6 Rc7 57. Kf2 Rxc6 58. f4 Rd6 59. Bf3 Kxa5 60. Ke3 Kb4 61. f5 gxf5 62. gxf5 Kc3 63. Rd1 Kc2 64. Rd2+ Kc3 65. Rd1 d2 66. Ke4 Bb3 67. Ke5 Rd8 68. Rf1 d1Q 69. Bxd1 Bxd1 70. f6 Bh5 71. f7 Bxf7 72. Rxf7 Rh8 73. Ra7 b4 74. Rxa6 b3 75. Rc6+ Kb2 76. Kd4 Ka2 77. Ra6+ Kb2 78. Kd3 Kb1 79. Rb6 b2 80. Kc3 Rc8+ 81. Kb3 Kc1 82. Ka2 Ra8+ 0-1

[Event "ECU-ch Schools U15 Clas1"]
[Site "Chess.com INT"]
[Date "2020.11.05"]
[Round "1"]
[White "Juma Moreno, Jayro Javier"]
[Black "Castillo Mora, Cristian Andres"]
[Result "1-0"]
[WhiteElo "192"]
[BlackElo "193"]
[PlyCount "71"]
[EventDate "2020.11.05"]
[EventType "swiss"]
[EventRounds "9"]
[EventCountry "ECU"]
[SourceTitle "EXT 2022"]
[Source "ChessBase"]
[SourceDate "2021.10.06"]
[SourceVersion "1"]
[SourceVersionDate "2021.10.06"]
[SourceQuality "1"]

1. d4 d5 2. c4 dxc4 3. Nc3 Nf6 4. Bf4 Nc6 5. e3 g6 6. Bxc4 Bg7 7. Nf3 0-0 8. 0-0 Bg4 9. h3 Bxf3 10. Qxf3 Re8 11. Nb5 Rc8 12. Bh2 a6 13. Nc3 Qd7 14. a4 Rb8 15. Nd5 Rec8 16. a5 b5 17. axb6 cxb6 18. Bxb8 Rxb8 19. Nxf6+ Bxf6 20. Rxa6 b5 21. Bd5 Nb4 22. Ra8 Rxa8 23. Bxa8 Nd3 24. b3 Kg7 25. Bc6 Qa7 26. Bxb5 Nb4 27. Bc4 Qb6 28. h4 Nc6 29. g4 h6 30. g5 hxg5 31. hxg5 Bxg5 32. Qxf7+ Kh6 33. Kg2 Na5 34. Rh1+ Bh4 35. Rxh4+ Kg5 36. Qf4# 1-0

[Event "ECU-ch Schools U15 Clas1"]
[Site "Chess.com INT"]
[Date "2020.11.05"]
[Round "9"]
[White "Juma Moreno, Jayro Javier"]
[Black "Tola Lazo, David Sebastian"]
[Result "1-0"]
[WhiteElo "192"]
[BlackElo "198"]
[PlyCount "45"]
[EventDate "2020.11.05"]
[EventType "swiss"]
[EventRounds "9"]
[EventCountry "ECU"]
[SourceTitle "EXT 2022"]
[Source "ChessBase"]
[SourceDate "2021.10.06"]
[SourceVersion "1"]
[SourceVersionDate "2021.10.06"]
[SourceQuality "1"]

1. d4 d5 2. c4 dxc4 3. Nc3 Nf6 4. Bf4 Bf5 5. e3 e6 6. Bxc4 Bb4 7. Nf3 Ne4 8. Qa4+ Nc6 9. 0-0 Nxc3 10. bxc3 Bxc3 11. Bb5 Bxa1 12. Bxc6+ Ke7 13. Bxb7 Rb8 14. Rxa1 Rxb7 15. Rc1 Qd7 16. Qa6 Rhb8 17. Ne5 Qb5 18. Qxb5 Rxb5 19. Nc6+ Kf6 20. Nxb8 Rxb8 21. Bxc7 Rc8 22. Be5+ Kg5 23. Rxc8 1-0

[Event "ECU-ch Schools U15 Clas1"]
[Site "Chess.com INT"]
[Date "2020.11.05"]
[Round "7"]
[White "Juma Moreno, Jayro Javier"]
[Black "Villon Rodriguez, Diego"]
[Result "0-1"]
[WhiteElo "192"]
[BlackElo "177"]
[PlyCount "66"]
[EventDate "2020.11.05"]
[EventType "swiss"]
[EventRounds "9"]
[EventCountry "ECU"]
[SourceTitle "EXT 2022"]
[Source "ChessBase"]
[SourceDate "2021.10.06"]
[SourceVersion "1"]
[SourceVersionDate "2021.10.06"]
[SourceQuality "1"]

1. d4 d5 2. c4 Nf6 3. Nc3 e6 4. Nf3 Be7 5. Bf4 0-0 6. e3 Nbd7 7. h3 b6 8. cxd5 exd5 9. Bd3 Bb7 10. 0-0 Rc8 11. Rc1 c5 12. dxc5 Nxc5 13. Bf5 Ra8 14. Nb5 Ba6 15. Nc7 Bxf1 16. Nxa8 Bxg2 17. Nxb6 Bxf3 18. Qxf3 axb6 19. b4 Nce4 20. Bc7 Qa8 21. Bxb6 Qxa2 22. Qf4 Qb2 23. Rc7 Bd6 24. Qh4 Bxc7 25. Bxc7 Qb1+ 26. Kg2 Qxb4 27. f3 Qd2+ 28. Kf1 Qd1+ 29. Kg2 Qe2+ 30. Kg1 Qxe3+ 31. Kg2 Qg5+ 32. Qxg5 Nxg5 33. Bf4 Ne6 0-1

[Event "ECU-ch"]
[Site "Banos de Agua Santa"]
[Date "2020.03.12"]
[Round "4"]
[White "Juma Moreno, Jayro Javier"]
[Black "Ramon Pita, Sergio"]
[Result "0-1"]
[WhiteElo "1052"]
[BlackElo "1942"]
[PlyCount "68"]
[EventDate "2020.03.10"]
[EventType "swiss"]
[EventRounds "9"]
[EventCountry "ECU"]
[SourceTitle "CBM 195 Extra"]
[Source "ChessBase"]
[SourceDate "2020.05.31"]
[SourceVersion "1"]
[SourceVersionDate "2020.05.31"]
[SourceQuality "1"]

1. d4 g6 2. Nf3 Bg7 3. c4 c5 4. d5 d6 5. Nc3 Nf6 6. e4 0-0 7. Be2 a6 8. a4 Qc7 9. 0-0 e6 10. Bf4 e5 11. Bg3 Nh5 12. a5 Nxg3 13. hxg3 Nd7 14. Nd2 Rb8 15. Qc2 b6 16. Nb3 f5 17. Bd3 f4 18. gxf4 exf4 19. Rfd1 Ne5 20. Ra2 Qe7 21. f3 g5 22. Be2 g4 23. Nd2 Qh4 24. fxg4 Bxg4 25. Bxg4 Nxg4 26. Nf3 Qh5 27. Re1 Rf6 28. Nd1 Rh6 29. Nf2 Nh2 30. Qe2 bxa5 31. Rb1 Rb3 32. Rxa5 Nxf3+ 33. gxf3 Bd4 34. Kf1 Rxf3 0-1